Las ideas matemáticas de George Berkeley Obispo de Cloyne
שמור ב:
| מחבר ראשי: | |
|---|---|
| פורמט: | ספר |
| שפה: | ספרדית |
| יצא לאור: |
Ciudad de México
UNAM
1993
|
| סדרה: | Colección Filosofía Contemporánea
|
| נושאים: | |
| תגים: |
הוספת תג
אין תגיות, היה/י הראשונ/ה לתייג את הרשומה!
|
MARC
| LEADER | 00000nam a2200000 a 4500 | ||
|---|---|---|---|
| 001 | UCP3281 | ||
| 003 | CL-VaPUC | ||
| 008 | 990618e19930000MX |||||||||||||||||spa|d | ||
| 082 | 0 | 4 | |a 500.8 |b ROB |2 21 |
| 100 | 0 | |a Robles, José Antonio |e author |9 430484 | |
| 245 | 1 | 4 | |a Las ideas matemáticas de George Berkeley Obispo de Cloyne |
| 300 | |a 410 p | ||
| 942 | |c BK | ||
| 945 | |d 19990618 00:00:00 |a rbrito | ||
| 260 | |a Ciudad de México |b UNAM |c 1993 | ||
| 600 | 0 | 7 | |a BERKELEY, GEORGE |2 CL-VaPUC |9 315231 |
| 650 | 0 | |a Matemática |9 260235 | |
| 650 | 0 | |a Álgebra |9 259567 | |
| 650 | 0 | |a Geometría |9 264063 | |
| 650 | 7 | |a NUMEROS IRRACIONALES |2 CL-VaPUC |9 417408 | |
| 583 | |a last modification |c 19990618 00:00:00 |k Rodrigo Vera | ||
| 490 | 0 | |a Colección Filosofía Contemporánea | |
| 999 | |c 281650 |d 281648 | ||
| 952 | |0 0 |1 0 |4 0 |6 500_800000000000000_ROB_1993 |7 0 |8 A |9 322561 |a BIBMAT |b BIBMAT |c E_DIDACT |d 2019-11-20 |i 352986K |l 3 |m 3 |o 500.8 ROB 1993 |p 352986K |r 2025-03-27 |s 2025-03-13 |w 2019-11-20 |y BK |k MAT | ||